Find Five H Things Quiz Stats

Quiz Updated Jan 26, 2018

Challenge
Share
Tweet
Embed
Score 0/50 Timer 05:00
3 Plays Today
% Correct
Hemingway
94.5%
Hawk
92.8%
Hummingbird
90.1%
Harmonica
89.2%
Helium
87.8%
Helsinki
87.3%
Hydrogen
87.2%
Harp
83.4%
Hawthorne
81.5%
Hanoi
81.5%
Havana
81.3%
Hornbill
81%
Hulk
80.3%
Hafnium
77.9%
Helena
77.6%
Hawkeye
76.4%
Hen
76.3%
Holmium
75.8%
Hilda
74.6%
Hassium
72.9%
Hardy
71.7%
Huxley
69.8%
Hilton
69.4%
Heinz
67.6%
Honeywell
65.1%
% Correct
Hasbro
65%
Hindi
62%
Harmonium
58.1%
Hawaiian
58.1%
Hebrew
57.3%
Heller
57%
Hitmonchan
50.8%
Harare
50.7%
Horn
50.1%
Hammerhead
48.4%
Hitmonlee
47.5%
Hypno
47.1%
Hunna
46.4%
Harrier
45.3%
Hanes
42.5%
Honorata
42%
Horsea
41.3%
Havok
40.9%
Hank Pym
39.3%
Helicon
38.7%
Haunter
33.1%
Honiara
30.3%
Heliconis
25.2%
Ho
23.7%
Hehe
23%

You're not logged in!

Compare scores with friends on all Sporcle quizzes.
Sign Up with Email
OR
Log In

You Might Also Like...

Show Comments

Extras

Top Quizzes Today


Score Distribution

Your Account Isn't Verified!

In order to create a playlist on Sporcle, you need to verify the email address you used during registration. Go to your Sporcle Settings to finish the process.

Report this User

Report this user for behavior that violates our Community Guidelines.

Details: